[Event "Montevideo Club Atletico"]
[Site "Montevideo"]
[Date "2002.02.12"]
[Round "4"]
[White "Cotelo, Roberto"]
[Black "Ballestra, Juan"]
[Result "1-0"]
[WhiteElo "1919"]
[BlackElo "1954"]
[PlyCount "66"]
[EventDate "2002.02.05"]
[EventType "swiss"]
[EventRounds "5"]
[EventCountry "URU"]
[SourceTitle "CBM 086 Extra"]
[Source "ChessBase"]
[SourceDate "2002.03.14"]
[SourceVersion "1"]
[SourceVersionDate "2002.03.14"]
[SourceQuality "1"]

1. Nf3 d6 2. g3 g6 3. Bg2 Bg7 4. d4 Nf6 5. c4 0-0 6. 0-0 c5 7. d5 Na6 8. Nc3 Bd7 9. Bg5 Nc7 10. Qd2 a6 11. Bh6 Rb8 12. Bxg7 Kxg7 13. e4 Kg8 14. e5 Nfe8 15. Qh6 dxe5 16. Nxe5 f5 17. Rad1 Nf6 18. d6 exd6 19. Rxd6 Qe7 20. Nxd7 Nxd7 21. Rfd1 Nf6 22. Rb6 Na8 23. Nd5 Nxd5 24. Bxd5+ Kh8 25. Re6 Qg7 26. Qxg7+ Kxg7 27. Re7+ Kh6 28. Rxb7 Nb6 29. Rxb8 Rxb8 30. b3 a5 31. Bc6 Rc8 32. Bb5 Na8 33. Rd6 Rc7 1-0

[Event "Montevideo Club Atletico"]
[Site "Montevideo"]
[Date "2002.02.06"]
[Round "2"]
[White "Queijo, Ruben Marcelo"]
[Black "Ballestra, Juan"]
[Result "0-1"]
[WhiteElo "2101"]
[BlackElo "1954"]
[PlyCount "33"]
[EventDate "2002.02.05"]
[EventType "swiss"]
[EventRounds "5"]
[EventCountry "URU"]
[SourceTitle "CBM 086 Extra"]
[Source "ChessBase"]
[SourceDate "2002.03.14"]
[SourceVersion "1"]
[SourceVersionDate "2002.03.14"]
[SourceQuality "1"]

1. d4 c5 2. Nf3 g6 3. e4 d6 4. Be2 Bg7 5. 0-0 Bd7 6. c3 Nf6 7. Qc2 0-0 8. dxc5 dxc5 9. Be3 b6 10. Ne5 Nc6 11. Nxd7 Qxd7 12. f3 Qc7 13. Na3 a6 14. Rab1 Nh5 15. f4 e5 16. Bxh5 gxh5 17. f5 0-1